| 000 | 00618nam a2200217 4500 | ||
|---|---|---|---|
| 003 | DO-SdBNP | ||
| 005 | 20220428121828.0 | ||
| 008 | 180308s1984 xx | ||
| 040 |
_aBPMSU _bspa _cBPMSU |
||
| 082 |
_a813.5 _bH151s 1983 _222 |
||
| 100 | 1 |
_aHailey, Arthur, _d1920- _c |
|
| 245 | 0 | 0 |
_aStrong medicine / _cArthur Hailey. _n _p _h _b |
| 246 | 3 | 0 | _aLove and let die |
| 260 |
_aGarden City, (New York) : _bDoubleday & Company, _c1984 |
||
| 300 |
_a448 p. ; _c22 cm. |
||
| 590 | _6Inventariado, 2022/VM | ||
| 650 | 4 | _aNovela estadounidense. | |
| 650 | 4 |
_aMedicina _vNovela. |
|
| 910 | _aVMateo V | ||
| 942 |
_cBK _2ddc |
||
| 999 |
_c14174 _d14174 |
||